000 00775nam a2200217 a 4500
999 _c11345
_d11345
001 11345
003 BD-JhCC
005 20220817134023.0
008 190829b20132019bg |||| ||a| 000 0 ben d
035 _a(BD-JhCC)11345
040 _aBD-JhCC
_dBD-JhCC
041 _aben
082 _a510
_bUCC 2019
245 _aউচ্চতর গণিত প্রথম পত্র একাদশ-দ্বাদশ শ্রেণী /
_cমো: রফিকুল ইসলাম ...[et al].
260 _aঢাকা:
_bরূপন্তী প্রকাশনী;
_c২০১৯.
300 _aVarious pages :
_c২৪ সেমি.
650 _aHigher math
700 _aইসলাম, মো: রফিকুল
942 _2ddc
_cBK
_06